000 00793nas a2200265Ia 4500
001 A10/R153-4880 [r000002023]
003 IT-MiCISF
008 161014c99999999xx |||||||||||| ||und||
040 _aIT-MiCISF
_cIT-MiCISF
041 _aITALIANO
100 _aRocchi Sandra
210 _aOrientamenti
222 _aOrientamenti
245 0 _aIl volontariato organizzato tra società e istituzioni
250 _a1a ed.
260 _c1990
501 _bCISF - Centro Internazionale Studi Famiglia - Via Giotto, 36 20145 MILANO (non commercial uses only)
_cCopyright 2016
300 _app. 29-39
362 _an. 3 [1990]
500 _a Tema: volontariato, società, politica
650 _avolontariato
_varticolo
700 _aAA.VV.
942 _cCR
957 _71
999 _a4880
_bSi
_g1
_c236110
_d236110